000 00798nam a22002537a 4500
003 DO-SdBPM
005 20250609091452.0
008 151021b1993 sp 00| 0 spa d
020 _a8434830981
040 _aDO-SdBPM
_bspa
_cBPMSU
082 4 _a863.6
_bG633a 1989
_222
100 1 _aGómez Cerdá, Alfredo
_d1951-
245 1 0 _aApareció en mi ventana /
_cAlfredo Gómez Cerdá ; ilustraciones Jesús Gabán
250 _a6ta ed.
260 _aMadrid :
_bEdiciones SM,
_c1993.
300 _a113 p. :
_bil. ;
_g20 cm.
490 0 _aEl barco de vapor,
_v67
590 _aInventariado, 2025/VM
650 4 _aCuentos infantiles españoles
650 4 _aLiteratura infantil española
700 1 2 _aGabán, Jesús,
_eilustraciones
910 _aVMateo V. Control de calidad. BPMSU
942 _2ddc
_cBK
999 _c8410
_d8410